000 00397 a2200109 4500
001 ART_38675
005 20260410161740.0
008 260409a
245 1 0 _aLa democratización de los procesos electorales sindicales. Análisis del proyecto legislativo presentado por Facundo Moyano
100 1 _aSlavin, Luis P.
773 0 _tDoctrina laboral
_g- Nº 344 (abr. 2014)
_wREV4049
999 _c18629
_d18629